[Event "Silkway Cup"]
[Site "T#646345FIDE"]
[Date "2020.05.28"]
[Round "15"]
[White "T-sanikidze"]
[Black "Kranke07"]
[Result "1-0"]
[WhiteElo "2691"]
[BlackElo "2156"]
[Annotator "NA"]
[PlyCount "133"]
[EventDate "2020.05.28"]
[EventType "swiss (blitz)"]

1. d4 {[%emt 0:00:02]} Nf6 {[%emt 0:00:02] Kranke07 offers a draw} 2. c4 {[%emt 0:00:02]} g6 {[%emt 0:00:02]} 3. Nc3 {[%emt 0:00:03]} d5 {[%emt 0:00:03]} 4. Nf3 {[%emt 0:00:25]} Bg7 {[%emt 0:00:02]} 5. Qb3 {[%emt 0:00:01]} dxc4 {[%emt 0:00:03]} 6. Qxc4 {[%emt 0:00:00]} O-O {[%emt 0:00:01]} 7. Bf4 {[%emt 0:00:01]} c6 {[%emt 0:00:05]} 8. e3 {[%emt 0:00:06]} Bg4 {[%emt 0:00:07]} 9. Be2 {[%emt 0:00:01]} Nbd7 {[%emt 0:00:02]} 10. O-O {[%emt 0:00:01]} Qa5 {[%emt 0:00:14]} 11. b4 {[%emt 0:00:08]} Qd8 {[%emt 0:00:09]} 12. h3 {[%emt 0:00:03]} Bf5 {[%emt 0:00:10]} 13. Rfd1 {[%emt 0:00:07]} Ne4 {[%emt 0:00:11]} 14. Nxe4 {[%emt 0:00:45]} Bxe4 {[%emt 0:00:00]} 15. Nd2 {[%emt 0:00:03]} Bd5 {[%emt 0:00:06]} 16. Qc3 {[%emt 0:00:01]} f5 {[%emt 0:00:05]} 17. Bc4 {[%emt 0:00:03]} Nb6 {[%emt 0:00:06]} 18. Be2 {[%emt 0:00:08]} Bf7 {[%emt 0:00:15]} 19. Bh2 {[%emt 0:00:15]} Nd5 {[%emt 0:00:01]} 20. Qb2 {[%emt 0:00:01]} a5 {[%emt 0:00:30]} 21. b5 {[%emt 0:00:02]} c5 {[%emt 0:00:05]} 22. Nc4 {[%emt 0:00:13]} cxd4 {[%emt 0:00:03]} 23. exd4 {[%emt 0:00:08]} Rc8 {[%emt 0:00:01]} 24. Be5 {[%emt 0:00:06]} Nf6 {[%emt 0:00:06]} 25. Rac1 {[%emt 0:00:04]} Bd5 {[%emt 0:00:04]} 26. b6 {[%emt 0:00:06]} Kh8 {[%emt 0:00:14]} 27. Nxa5 {[%emt 0:00:06]} f4 {[%emt 0:00:07]} 28. f3 {[%emt 0:00:06]} Qd7 {[%emt 0:00:06]} 29. Rc7 {[%emt 0:00:08]} Rxc7 {[%emt 0:00:23]} 30. bxc7 {[%emt 0:00:01]} Ne8 {[%emt 0:00:02]} 31. Bb5 {[%emt 0:00:04]} Qc8 {[%emt 0:00:04]} 32. Bxe8 {[%emt 0:00:02]} Rxe8 {[%emt 0:00:01]} 33. Bxg7+ {[%emt 0:00:03]} Kxg7 {[%emt 0:00:02]} 34. Rc1 {[%emt 0:00:03]} Qe6 {[%emt 0:00:10]} 35. Kh2 {[%emt 0:00:02]} b6 {[%emt 0:00:06]} 36. Nc4 {[%emt 0:00:06]} Bxc4 {[%emt 0:00:13]} 37. d5+ {[%emt 0:00:01]} Qf6 {[%emt 0:00:00]} 38. Qxf6+ {[%emt 0:00:02]} Kxf6 {[%emt 0:00:00]} 39. Rxc4 {[%emt 0:00:01]} Rc8 {[%emt 0:00:01]} 40. Rc6+ {[%emt 0:00:07]} Ke5 {[%emt 0:00:04]} 41. Re6+ {[%emt 0:00:01]} Kxd5 {[%emt 0:00:01]} 42. Rxe7 {[%emt 0:00:01]} h5 {[%emt 0:00:00]} 43. Rg7 {[%emt 0:00:04]} b5 {[%emt 0:00:01]} 44. Rxg6 {[%emt 0:00:01]} Rxc7 {[%emt 0:00:01]} 45. Rg5+ {[%emt 0:00:01]} Kc4 {[%emt 0:00:00]} 46. Rf5 {[%emt 0:00:01]} Kb4 {[%emt 0:00:11]} 47. Rxh5 {[%emt 0:00:03]} Rb7 {[%emt 0:00:07]} 48. Rf5 {[%emt 0:00:02]} Ka3 {[%emt 0:00:01]} 49. Rxf4 {[%emt 0:00:05]} b4 {[%emt 0:00:00]} 50. g4 {[%emt 0:00:04]} Kxa2 {[%emt 0:00:01]} 51. h4 {[%emt 0:00:02]} b3 {[%emt 0:00:01]} 52. Ra4+ {[%emt 0:00:01]} Kb1 {[%emt 0:00:01]} 53. h5 {[%emt 0:00:02]} b2 {[%emt 0:00:01]} 54. Re4 {[%emt 0:00:06]} Kc1 {[%emt 0:00:07]} 55. Re1+ {[%emt 0:00:01]} Kc2 {[%emt 0:00:03]} 56. Kg3 {[%emt 0:00:02]} Rd7 {[%emt 0:00:02]} 57. h6 {[%emt 0:00:07]} Rd1 {[%emt 0:00:01]} 58. Rxd1 {[%emt 0:00:02]} Kxd1 {[%emt 0:00:00]} 59. h7 {[%emt 0:00:00]} b1=Q {[%emt 0:00:01]} 60. h8=Q {[%emt 0:00:01]} Ke2 {[%emt 0:00:03]} 61. Qh2+ {[%emt 0:00:05]} Ke3 {[%emt 0:00:05]} 62. Qf2+ {[%emt 0:00:01]} Kd3 {[%emt 0:00:01]} 63. f4 {[%emt 0:00:01]} Qb8 {[%emt 0:00:04]} 64. Qe1 {[%emt 0:00:04]} Qh8 {[%emt 0:00:03]} 65. Qd1+ {[%emt 0:00:03]} Ke4 {[%emt 0:00:02]} 66. Qe2+ {[%emt 0:00:01]} Kd5 {[%emt 0:00:00]} 67. Qe5+ {[%emt 0:00:06] Kranke07 resigns (Lag: Av=0.39s, max=0.7s)} 1-0

[Event "Silkway Cup"]
[Site "T#646345FIDE"]
[Date "2020.05.28"]
[Round "15"]
[White "Lukiano"]
[Black "EXpresident"]
[Result "0-1"]
[WhiteElo "2640"]
[BlackElo "2618"]
[Annotator "TA"]
[PlyCount "86"]
[EventDate "2020.05.28"]
[EventType "swiss (blitz)"]

{[%evp 15,86,12,62,60,63,58,56,52,66,52,63,35,80,75,77,76,76,41,80,38,38,39,41,39,49,39,40,37,32,24,34,0,29,0,5,0,0,0,0,-6,0,0,0,0,0,0,0,0,13,0,0,0,0,0,0,0,0,0,0,-122,-116,-275,-256,-242,-262,-246,-226,-380,-365,-462,-456,-561,-555]} 1. e4 c5 2. Nf3 d6 3. d4 cxd4 4. Qxd4 Nc6 5. Bb5 Bd7 6. Bxc6 Bxc6 7. Nc3 Nf6 8. Bg5 h6 9. Bxf6 $1 {B53: Sicilian: 2...d6: Lines with Qxd4.} gxf6 10. O-O-O Rg8 11. Rhg1 {White is slightly better.} Qb6 $5 {[%mdl 4] Exploring less charted territory.} 12. Qd2 {[#]} e6 $146 ({Predecessor:} 12... Qc5 13. Nd4 e6 14. g3 O-O-O 15. Qe2 a6 16. Rd3 Kb8 17. Rgd1 Rc8 18. f4 Be8 {½-½ (67) Nemcova,K-Wimmer,M Prague 2003}) 13. Nd4 a6 14. f4 Bd7 15. f5 O-O-O 16. g4 Qc5 17. h3 h5 $1 18. Kb1 hxg4 19. Rxg4 Rh8 20. Qd3 Kb8 21. Rg3 Bc8 22. Rf3 Qe5 23. Nb3 Rh4 24. Nd2 Be7 25. Rff1 {[#] Nf3 is the strong threat.} Qc5 26. Nb3 Qc7 27. Nd4 Rdh8 28. Rf3 Qc5 29. Nb3 Qe5 30. Nd2 Qh2 {[%cal Rh4h3]} 31. Nf1 Qh1 {[%cal Rh4h3]} 32. Nd2 Qg2 {[%cal Rh4h3]} 33. Rg3 Qf2 34. Rf3 Qc5 35. a3 R4h5 (35... Bd7 {is more complex.} 36. Nb3 Qe5 37. Nd4 Qc5 38. Re3 Qb6) 36. Nc4 exf5 37. exf5 (37. b4 $11 {keeps the balance.} fxe4 38. Qxe4) 37... Bxf5 $17 38. Rxf5 $2 {[#] Loses the game.} (38. Qe2 $17) 38... Qxf5 $19 39. Qxf5 Rxf5 40. Nd5 Bf8 41. Nce3 $2 (41. Ncb6) 41... Rf3 42. Nc4 Rfxh3 43. Re1 Rh1 {Accuracy: White = 61%, Black = 89%.} 0-1

[Event "Silkway Cup"]
[Site "T#646345FIDE"]
[Date "2020.05.28"]
[Round "15"]
[White "Eltaj Safarli"]
[Black "Ka ch"]
[Result "1-0"]
[WhiteElo "2617"]
[BlackElo "2267"]
[PlyCount "107"]
[EventDate "2020.05.28"]
[EventType "swiss (blitz)"]

1. e4 {[%emt 0:00:05]} e5 {[%emt 0:00:02]} 2. Nf3 {[%emt 0:00:02]} Nf6 {[%emt 0:00:01]} 3. Nc3 {[%emt 0:00:04]} Nc6 {[%emt 0:00:01]} 4. a3 {[%emt 0:00:01]} g6 {[%emt 0:00:07]} 5. Bc4 {[%emt 0:00:02]} Bg7 {[%emt 0:00:02]} 6. d3 {[%emt 0:00:01]} O-O {[%emt 0:00:01]} 7. O-O {[%emt 0:00:04]} d6 {[%emt 0:00:01]} 8. Bg5 {[%emt 0:00:01]} h6 {[%emt 0:00:16]} 9. Be3 {[%emt 0:00:01]} Be6 {[%emt 0:00:04]} 10. Bxe6 {[%emt 0:00:06]} fxe6 {[%emt 0:00:01]} 11. Ne2 {[%emt 0:00:04]} Kh7 {[%emt 0:00:08]} 12. Ng3 {[%emt 0:00:01]} Ng8 {[%emt 0:00:17]} 13. c3 {[%emt 0:00:02]} Qe7 {[%emt 0:00:03]} 14. d4 {[%emt 0:00:01]} exd4 {[%emt 0:00:02]} 15. cxd4 {[%emt 0:00:00]} e5 {[%emt 0:00:05]} 16. d5 {[%emt 0:00:04]} Nd8 {[%emt 0:00:02]} 17. Rc1 {[%emt 0:00:01]} Nf6 {[%emt 0:00:04]} 18. h3 {[%emt 0:00:07]} c6 {[%emt 0:00:02]} 19. dxc6 {[%emt 0:00:05]} Nxc6 {[%emt 0:00:05]} 20. Qb3 {[%emt 0:00:05]} Rac8 {[%emt 0:00:10]} 21. Rfd1 {[%emt 0:00:03]} Rfd8 {[%emt 0:00:05]} 22. Qa4 {[%emt 0:00:12]} Qd7 {[%emt 0:00:16]} 23. b4 {[%emt 0:00:12]} a6 {[%emt 0:00:19]} 24. Qb3 {[%emt 0:00:03]} Qe7 {[%emt 0:00:06]} 25. a4 {[%emt 0:00:06]} b5 {[%emt 0:00:05]} 26. Rc2 {[%emt 0:00:04]} bxa4 {[%emt 0:00:16]} 27. Qxa4 {[%emt 0:00:00]} Qb7 {[%emt 0:00:02]} 28. Rdc1 {[%emt 0:00:06]} Ne7 {[%emt 0:00:02]} 29. Nd2 {[%emt 0:00:09]} Rxc2 {[%emt 0:00:04]} 30. Rxc2 {[%emt 0:00:00]} d5 {[%emt 0:00:05]} 31. Nb3 {[%emt 0:00:24]} d4 {[%emt 0:00:10]} 32. Nc5 {[%emt 0:00:02]} Qb5 {[%emt 0:00:06]} 33. Qxb5 {[%emt 0:00:01]} axb5 {[%emt 0:00:01]} 34. Bd2 {[%emt 0:00:00]} Ra8 {[%emt 0:00:07]} 35. Ne6 {[%emt 0:00:05]} Ra6 {[%emt 0:00:03]} 36. Nc7 {[%emt 0:00:22]} Ra1+ {[%emt 0:00:14]} 37. Kh2 {[%emt 0:00:01]} h5 {[%emt 0:00:07]} 38. f3 {[%emt 0:00:04]} h4 {[%emt 0:00:06]} 39. Nh1 {[%emt 0:00:01]} d3 {[%emt 0:00:07]} 40. Rc3 {[%emt 0:00:05]} Rd1 {[%emt 0:00:05]} 41. Bg5 {[%emt 0:00:20]} Bh6 {[%emt 0:00:05]} 42. Bxh6 {[%emt 0:00:06]} Kxh6 {[%emt 0:00:02]} 43. Nf2 {[%emt 0:00:00]} Rb1 {[%emt 0:00:06]} 44. Nxd3 {[%emt 0:00:03]} Nh5 {[%emt 0:00:02]} 45. Rc1 {[%emt 0:00:03]} Rb3 {[%emt 0:00:09]} 46. Nxe5 {[%emt 0:00:01]} Rxb4 {[%emt 0:00:00]} 47. Rc5 {[%emt 0:00:09]} Rb2 {[%emt 0:00:04]} 48. Rxb5 {[%emt 0:00:03]} Re2 {[%emt 0:00:00]} 49. Ne6 {[%emt 0:00:03]} Ng3 {[%emt 0:00:04]} 50. Rb8 {[%emt 0:00:04]} Kh7 {[%emt 0:00:02]} 51. Rb7 {[%emt 0:00:09]} Re1 {[%emt 0:00:04]} 52. Rxe7+ {[%emt 0:00:01]} Kh6 {[%emt 0:00:07]} 53. Ng4+ {[%emt 0:00:02]} Kh5 {[%emt 0:00:02]} 54. Rh7# {[%emt 0:00:01] (Lag: Av=0.72s, max=4.9s)} 1-0

[Event "Silkway Cup"]
[Site "T#646345FIDE"]
[Date "2020.05.28"]
[Round "15"]
[White "Rasulov Vugar"]
[Black "GIGA QUPARADZE"]
[Result "1-0"]
[WhiteElo "2391"]
[BlackElo "2356"]
[PlyCount "163"]
[EventDate "2020.05.28"]
[EventType "swiss (blitz)"]

1. d4 {[%emt 0:00:02]} Nf6 {[%emt 0:00:02]} 2. c4 {[%emt 0:00:01]} e6 {[%emt 0:00:01]} 3. Nf3 {[%emt 0:00:01]} b6 {[%emt 0:00:02]} 4. g3 {[%emt 0:00:01]} Bb4+ {[%emt 0:00:05]} 5. Bd2 {[%emt 0:00:02]} Be7 {[%emt 0:00:01]} 6. Bg2 {[%emt 0:00:01]} c6 {[%emt 0:00:03]} 7. Bc3 {[%emt 0:00:05]} O-O {[%emt 0:00:01]} 8. Nbd2 {[%emt 0:00:02]} d5 {[%emt 0:00:01]} 9. O-O {[%emt 0:00:01]} Nbd7 {[%emt 0:00:03]} 10. Qc2 {[%emt 0:00:13]} Bb7 {[%emt 0:00:05]} 11. e4 {[%emt 0:00:02]} Nxe4 {[%emt 0:00:03]} 12. Nxe4 {[%emt 0:00:00]} dxe4 {[%emt 0:00:00]} 13. Qxe4 {[%emt 0:00:00]} Nf6 {[%emt 0:00:02]} 14. Qe2 {[%emt 0:00:02]} c5 {[%emt 0:00:02]} 15. Rfd1 {[%emt 0:00:04]} Qc7 {[%emt 0:00:02]} 16. Rac1 {[%emt 0:00:08]} Rad8 {[%emt 0:00:08]} 17. b3 {[%emt 0:00:05]} Rd7 {[%emt 0:00:03]} 18. dxc5 {[%emt 0:00:04]} bxc5 {[%emt 0:00:17]} 19. Ne5 {[%emt 0:00:07]} Rxd1+ {[%emt 0:00:03]} 20. Rxd1 {[%emt 0:00:00]} Bxg2 {[%emt 0:00:02]} 21. Kxg2 {[%emt 0:00:00]} Rd8 {[%emt 0:00:05]} 22. Rxd8+ {[%emt 0:00:07]} Qxd8 {[%emt 0:00:00]} 23. Nc6 {[%emt 0:00:04]} Qc7 {[%emt 0:00:02]} 24. Qf3 {[%emt 0:00:12]} h6 {[%emt 0:00:01]} 25. Nxe7+ {[%emt 0:00:08]} Qxe7 {[%emt 0:00:02]} 26. Qc6 {[%emt 0:00:07]} Kh7 {[%emt 0:00:06]} 27. h3 {[%emt 0:00:02]} e5 {[%emt 0:00:08]} 28. Qf3 {[%emt 0:00:07]} Qe6 {[%emt 0:00:04]} 29. g4 {[%emt 0:00:07]} g6 {[%emt 0:00:11]} 30. Qb7 {[%emt 0:00:07]} a6 {[%emt 0:00:02]} 31. Bd2 {[%emt 0:00:10]} Kg7 {[%emt 0:00:02]} 32. Be3 {[%emt 0:00:01]} Qd6 {[%emt 0:00:01]} 33. Qc8 {[%emt 0:00:12]} Ne4 {[%emt 0:00:10]} 34. Qb7 {[%emt 0:00:07]} Nf6 {[%emt 0:00:02]} 35. a3 {[%emt 0:00:02]} a5 {[%emt 0:00:23]} 36. Qa7 {[%emt 0:00:10]} Qc6+ {[%emt 0:00:02]} 37. Kh2 {[%emt 0:00:01]} Ne4 {[%emt 0:00:25]} 38. Qxa5 {[%emt 0:00:04]} Qd6 {[%emt 0:00:10]} 39. b4 {[%emt 0:00:23]} Qd3 {[%emt 0:00:08]} 40. Qc7 {[%emt 0:00:03]} Nd6 {[%emt 0:00:22]} 41. Bxc5 {[%emt 0:00:15]} Nxc4 {[%emt 0:00:01]} 42. Qc8 {[%emt 0:00:08]} Nd2 {[%emt 0:00:02]} 43. Qf8+ {[%emt 0:00:01]} Kf6 {[%emt 0:00:01]} 44. Qe7+ {[%emt 0:00:09]} Kg7 {[%emt 0:00:01]} 45. Qxe5+ {[%emt 0:00:01]} Kh7 {[%emt 0:00:01]} 46. Qf4 {[%emt 0:00:03]} Nf3+ {[%emt 0:00:08]} 47. Kg2 {[%emt 0:00:01]} Ng5 {[%emt 0:00:08]} 48. Qe3 {[%emt 0:00:09]} Qd5+ {[%emt 0:00:02]} 49. f3 {[%emt 0:00:01]} Qa2+ {[%emt 0:00:02]} 50. Qf2 {[%emt 0:00:02]} Qxa3 {[%emt 0:00:01]} 51. b5 {[%emt 0:00:06]} Qb3 {[%emt 0:00:03]} 52. b6 {[%emt 0:00:01]} Ne6 {[%emt 0:00:01]} 53. Be3 {[%emt 0:00:01]} Ng5 {[%emt 0:00:13]} 54. h4 {[%emt 0:00:05]} Ne6 {[%emt 0:00:02]} 55. Qd2 {[%emt 0:00:01]} h5 {[%emt 0:00:06]} 56. gxh5 {[%emt 0:00:02]} gxh5 {[%emt 0:00:00]} 57. Kf2 {[%emt 0:00:01]} Qa4 {[%emt 0:00:07]} 58. Qd3+ {[%emt 0:00:05]} Kg7 {[%emt 0:00:02]} 59. Kg3 {[%emt 0:00:02]} Qb4 {[%emt 0:00:03]} 60. Qf5 {[%emt 0:00:08]} Qe1+ {[%emt 0:00:07]} 61. Bf2 {[%emt 0:00:01]} Qc1 {[%emt 0:00:01]} 62. Qxh5 {[%emt 0:00:06]} Qf4+ {[%emt 0:00:02]} 63. Kg2 {[%emt 0:00:01]} f5 {[%emt 0:00:01]} 64. Qe8 {[%emt 0:00:07]} Qd6 {[%emt 0:00:01]} 65. Bg3 {[%emt 0:00:06]} Qxb6 {[%emt 0:00:07]} 66. Be5+ {[%emt 0:00:04]} Kh7 {[%emt 0:00:01]} 67. Qh5+ {[%emt 0:00:06]} Kg8 {[%emt 0:00:01]} 68. Qg6+ {[%emt 0:00:00]} Kf8 {[%emt 0:00:02]} 69. Qxf5+ {[%emt 0:00:01]} Ke8 {[%emt 0:00:02]} 70. Qg6+ {[%emt 0:00:01]} Kf8 {[%emt 0:00:01]} 71. h5 {[%emt 0:00:07]} Ke7 {[%emt 0:00:05]} 72. Qf6+ {[%emt 0:00:02]} Ke8 {[%emt 0:00:04]} 73. h6 {[%emt 0:00:02]} Qb3 {[%emt 0:00:01]} 74. Qg6+ {[%emt 0:00:03]} Ke7 {[%emt 0:00:02]} 75. h7 {[%emt 0:00:01]} Qa2+ {[%emt 0:00:02]} 76. Kg3 {[%emt 0:00:01]} Qe2 {[%emt 0:00:06]} 77. Bf6+ {[%emt 0:00:05]} Kd6 {[%emt 0:00:03]} 78. h8=Q {[%emt 0:00:01]} Qe1+ {[%emt 0:00:01]} 79. Kh2 {[%emt 0:00:00]} Qd2+ {[%emt 0:00:02]} 80. Qg2 {[%emt 0:00:01]} Qc1 {[%emt 0:00:02]} 81. Qb8+ {[%emt 0:00:03]} Kd5 {[%emt 0:00:01]} 82. f4+ {[%emt 0:00:02] GIGA QUPARADZE Ñäàåòñÿ (Lag: Av=0.52s, max=0.8s)} 1-0

[Event "Silkway Cup"]
[Site "T#646345FIDE"]
[Date "2020.05.28"]
[Round "15"]
[White "GadimbayliA"]
[Black "muradli mahammad"]
[Result "1-0"]
[WhiteElo "2384"]
[BlackElo "2407"]
[PlyCount "79"]
[EventDate "2020.05.28"]
[EventType "swiss (blitz)"]

1. e4 {[%emt 0:00:10]} c5 {[%emt 0:00:01]} 2. Nf3 {[%emt 0:00:03]} d6 {[%emt 0:00:00]} 3. d4 {[%emt 0:00:01]} cxd4 {[%emt 0:00:00]} 4. Nxd4 {[%emt 0:00:00]} Nf6 {[%emt 0:00:00]} 5. Nc3 {[%emt 0:00:01]} a6 {[%emt 0:00:00]} 6. g3 {[%emt 0:00:01]} e5 {[%emt 0:00:05]} 7. Nf3 {[%emt 0:00:01]} h6 {[%emt 0:00:22]} 8. Bg2 {[%emt 0:00:01]} Be6 {[%emt 0:00:08]} 9. O-O {[%emt 0:00:01]} Nbd7 {[%emt 0:00:02]} 10. Nh4 {[%emt 0:00:02]} Be7 {[%emt 0:00:45]} 11. Nf5 {[%emt 0:00:01]} Bxf5 {[%emt 0:00:09]} 12. exf5 {[%emt 0:00:00]} Qc7 {[%emt 0:00:00]} 13. Be3 {[%emt 0:00:03]} O-O {[%emt 0:00:03]} 14. a4 {[%emt 0:00:04]} Rab8 {[%emt 0:00:05]} 15. Qe2 {[%emt 0:00:01]} Rfd8 {[%emt 0:00:07]} 16. Rfd1 {[%emt 0:00:04]} Nb6 {[%emt 0:00:02]} 17. Bxb6 {[%emt 0:00:29]} Qxb6 {[%emt 0:00:00]} 18. b3 {[%emt 0:00:00]} Rdc8 {[%emt 0:00:31]} 19. Nd5 {[%emt 0:00:04]} Nxd5 {[%emt 0:00:01]} 20. Bxd5 {[%emt 0:00:00]} Bf6 {[%emt 0:00:00]} 21. Qe4 {[%emt 0:00:12]} Rc3 {[%emt 0:00:08]} 22. Bc4 {[%emt 0:00:08]} Qc7 {[%emt 0:00:10]} 23. a5 {[%emt 0:00:05]} Rc8 {[%emt 0:00:14]} 24. Rd5 {[%emt 0:00:13]} Be7 {[%emt 0:00:21]} 25. h4 {[%emt 0:00:06] muradli mahammad reconnected.} Rxc4 {[%emt 0:00:17]} 26. Qxc4 {[%emt 0:00:06]} Qxc4 {[%emt 0:00:00]} 27. bxc4 {[%emt 0:00:00]} Rxc4 {[%emt 0:00:01]} 28. Rb1 {[%emt 0:00:00]} Rc7 {[%emt 0:00:02] muradli mahammad reconnected.} 29. c4 {[%emt 0:00:15]} e4 {[%emt 0:00:21] muradli mahammad reconnected.} 30. Rd4 {[%emt 0:00:22]} e3 {[%emt 0:00:03]} 31. fxe3 {[%emt 0:00:01]} Kf8 {[%emt 0:00:03]} 32. Kf2 {[%emt 0:00:05]} Ke8 {[%emt 0:00:02]} 33. Ke2 {[%emt 0:00:01]} Kd7 {[%emt 0:00:00]} 34. Kd3 {[%emt 0:00:00]} Bf6 {[%emt 0:00:01]} 35. Rd5 {[%emt 0:00:03]} Be5 {[%emt 0:00:05]} 36. c5 {[%emt 0:00:14]} f6 {[%emt 0:00:01]} 37. cxd6 {[%emt 0:00:03]} Rc3+ {[%emt 0:00:03]} 38. Kd2 {[%emt 0:00:05]} Ra3 {[%emt 0:00:04]} 39. Rxb7+ {[%emt 0:00:03]} Kc6 {[%emt 0:00:01]} 40. d7 {[%emt 0:00:00] muradli mahammad resigns (Lag: Av=0.89s, max=15.4s)} 1-0

[Event "Silkway Cup"]
[Site "T#646345FIDE"]
[Date "2020.05.28"]
[Round "15"]
[White "Shak"]
[Black "Chepaschess"]
[Result "1-0"]
[WhiteElo "2325"]
[BlackElo "2207"]
[PlyCount "67"]
[EventDate "2020.05.28"]
[EventType "swiss (blitz)"]

1. d4 {[%emt 0:00:03]} Nf6 {[%emt 0:00:02]} 2. c4 {[%emt 0:00:01]} g6 {[%emt 0:00:00]} 3. Nf3 {[%emt 0:00:03]} Bg7 {[%emt 0:00:02]} 4. Nc3 {[%emt 0:00:04]} d5 {[%emt 0:00:02]} 5. cxd5 {[%emt 0:00:13]} Nxd5 {[%emt 0:00:00]} 6. Bg5 {[%emt 0:00:01]} c5 {[%emt 0:00:22]} 7. Rc1 {[%emt 0:00:03]} Nc6 {[%emt 0:00:09]} 8. Nxd5 {[%emt 0:00:25]} Qxd5 {[%emt 0:00:00]} 9. Rxc5 {[%emt 0:00:01]} Qxa2 {[%emt 0:00:01]} 10. e3 {[%emt 0:00:01]} Qxb2 {[%emt 0:00:16]} 11. Bc4 {[%emt 0:00:02]} O-O {[%emt 0:00:04]} 12. O-O {[%emt 0:00:01]} Qb6 {[%emt 0:00:35]} 13. Qc2 {[%emt 0:00:02]} Qd8 {[%emt 0:00:22]} 14. Rd1 {[%emt 0:00:15]} Bf5 {[%emt 0:00:09]} 15. Rxf5 {[%emt 0:00:04]} gxf5 {[%emt 0:00:01]} 16. Qxf5 {[%emt 0:00:00]} Qd6 {[%emt 0:00:15]} 17. Bd3 {[%emt 0:00:15]} Qg6 {[%emt 0:00:06]} 18. Qf4 {[%emt 0:00:49]} Qd6 {[%emt 0:00:15]} 19. Qe4 {[%emt 0:00:23]} f5 {[%emt 0:00:09]} 20. Qh4 {[%emt 0:00:02]} Rad8 {[%emt 0:00:14]} 21. g4 {[%emt 0:00:02]} Qd5 {[%emt 0:00:09]} 22. Qh3 {[%emt 0:00:23]} e6 {[%emt 0:00:10]} 23. Bxd8 {[%emt 0:00:05]} Nxd8 {[%emt 0:00:03]} 24. Rc1 {[%emt 0:00:05]} h6 {[%emt 0:00:04]} 25. gxf5 {[%emt 0:00:01]} b6 {[%emt 0:00:07]} 26. Kg2 {[%emt 0:00:03]} Kh8 {[%emt 0:00:03]} 27. e4 {[%emt 0:00:07]} Qd7 {[%emt 0:00:02]} 28. Nh4 {[%emt 0:00:01]} Rg8 {[%emt 0:00:04]} 29. Ng6+ {[%emt 0:00:01]} Kh7 {[%emt 0:00:00]} 30. e5 {[%emt 0:00:03]} Qxd4 {[%emt 0:00:02]} 31. fxe6 {[%emt 0:00:07]} Bxe5 {[%emt 0:00:04]} 32. Kf1 {[%emt 0:00:01]} Rxg6 {[%emt 0:00:02]} 33. e7 {[%emt 0:00:04]} Qd5 {[%emt 0:00:10]} 34. Bxg6+ {[%emt 0:00:03] Chepaschess resigns (Lag: Av=0.87s, max=1.3s)} 1-0

[Event "Silkway Cup"]
[Site "T#646345FIDE"]
[Date "2020.05.28"]
[Round "15"]
[White "Maghala77"]
[Black "Gaguna"]
[Result "1/2-1/2"]
[WhiteElo "2309"]
[BlackElo "2012"]
[Annotator "NA"]
[PlyCount "23"]
[EventDate "2020.05.28"]
[EventType "swiss (blitz)"]

1. Nf3 {[%emt 0:00:02]} d5 {[%emt 0:00:03]} 2. g3 {[%emt 0:00:02]} g6 {[%emt 0:00:04]} 3. d4 {[%emt 0:00:01]} Nf6 {[%emt 0:00:03]} 4. Bg2 {[%emt 0:00:01]} Bg7 {[%emt 0:00:01]} 5. O-O {[%emt 0:00:01]} O-O {[%emt 0:00:01]} 6. c4 {[%emt 0:00:01]} c6 {[%emt 0:00:01]} 7. cxd5 {[%emt 0:00:01]} cxd5 {[%emt 0:00:02] Gaguna offers a draw} 8. Ne5 {[%emt 0:00:01]} e6 {[%emt 0:00:04]} 9. Nc3 {[%emt 0:00:02]} Nfd7 {[%emt 0:00:02]} 10. f4 {[%emt 0:00:09]} f6 {[%emt 0:00:02]} 11. Nf3 {[%emt 0:00:08]} Nc6 {[%emt 0:00:02]} 12. b3 {[%emt 0:00:13] Maghala77 offers a draw (Lag: Av=0.87s, max=4.1s)} 1/2-1/2

[Event "Silkway Cup"]
[Site "T#646345FIDE"]
[Date "2020.05.28"]
[Round "15"]
[White "VugarAsadli"]
[Black "Mammadzada"]
[Result "1-0"]
[WhiteElo "2125"]
[BlackElo "2053"]
[PlyCount "59"]
[EventDate "2020.05.28"]
[EventType "swiss (blitz)"]

1. e4 {[%emt 0:00:03]} c5 {[%emt 0:00:02]} 2. Nc3 {[%emt 0:00:01]} d6 {[%emt 0:00:01]} 3. g3 {[%emt 0:00:01]} g6 {[%emt 0:00:01]} 4. Bg2 {[%emt 0:00:01]} Bg7 {[%emt 0:00:00]} 5. d3 {[%emt 0:00:01]} Nc6 {[%emt 0:00:01]} 6. Be3 {[%emt 0:00:01]} e6 {[%emt 0:00:22]} 7. Qd2 {[%emt 0:00:03]} Nd4 {[%emt 0:00:02]} 8. Nce2 {[%emt 0:00:05]} Ne7 {[%emt 0:00:04]} 9. c3 {[%emt 0:00:02]} Nxe2 {[%emt 0:00:04]} 10. Nxe2 {[%emt 0:00:00]} O-O {[%emt 0:00:09]} 11. Bh6 {[%emt 0:00:12]} d5 {[%emt 0:00:04]} 12. Bxg7 {[%emt 0:00:06]} Kxg7 {[%emt 0:00:00]} 13. e5 {[%emt 0:00:03]} Nc6 {[%emt 0:00:06]} 14. f4 {[%emt 0:00:07]} b5 {[%emt 0:00:33]} 15. O-O {[%emt 0:00:02]} b4 {[%emt 0:00:23]} 16. g4 {[%emt 0:00:20]} bxc3 {[%emt 0:00:05]} 17. bxc3 {[%emt 0:00:00]} f5 {[%emt 0:00:43]} 18. exf6+ {[%emt 0:00:15]} Rxf6 {[%emt 0:00:01]} 19. Ng3 {[%emt 0:00:11]} Qd6 {[%emt 0:00:04]} 20. Rae1 {[%emt 0:00:05]} Bd7 {[%emt 0:00:13]} 21. f5 {[%emt 0:00:05]} exf5 {[%emt 0:00:08]} 22. gxf5 {[%emt 0:00:02]} Raf8 {[%emt 0:00:01]} 23. Qg5 {[%emt 0:00:05]} Kh8 {[%emt 0:00:09]} 24. fxg6 {[%emt 0:00:06]} Rxf1+ {[%emt 0:00:09]} 25. Rxf1 {[%emt 0:00:09]} Rxf1+ {[%emt 0:00:02]} 26. Kxf1 {[%emt 0:00:03]} hxg6 {[%emt 0:00:04]} 27. Bxd5 {[%emt 0:00:12]} Bh3+ {[%emt 0:00:03]} 28. Kg1 {[%emt 0:00:05]} Kg7 {[%emt 0:00:16]} 29. Nh5+ {[%emt 0:00:13] .} Kh7 {[%emt 0:00:03]} 30. Nf6+ {[%emt 0:00:06] Mammadzada resigns (Lag: Av=0.25s, max=0.3s)} 1-0